| 000 | 00621nam a2200217 u 4500 | ||
|---|---|---|---|
| 005 | 20210223132513.0 | ||
| 008 | 141111s2006 es r 000 0 spa d | ||
| 020 | _a8483323117 | ||
| 035 | _aUPN01000200652 | ||
| 049 | _aI | ||
| 050 | 4 |
_aDT61 _bC3.3 |
|
| 100 | 1 |
_aCasali, Dimitri, _d1960- _936510 |
|
| 245 | 1 | 0 |
_aEgipto / _cDimitri Casali ; tr. Montse Foz. |
| 260 |
_aBarcelona, Esp. : _bLarousse, _cc2006. |
||
| 300 |
_a77 p. : _bil. col. |
||
| 440 | 0 | _aExplora | |
| 651 | 4 |
_aEGIPTO - _xHISTORIA - _vLITERATURA INFANTIL _911373 |
|
| 651 | 4 |
_aEGIPTO - _xCIVILIZACION _912403 |
|
| 905 | _aInfantil | ||
| 999 |
_c172753 _d172753 |
||